Relations et communications interpersonnelles (Record n. 89280)

Dettagli MARC
000 -LEADER
fixed length control field 02146nam a2200313Ia 4500
001 - CONTROL NUMBER
control field G9472
003 - CONTROL NUMBER IDENTIFIER
control field IT-RoPAU
008 - FIXED-LENGTH DATA ELEMENTS--GENERAL INFORMATION
fixed length control field 130308s9999 xx 000 0 und d
040 ## - CATALOGING SOURCE
Original cataloging agency IT-RoPAU
040 ## - CATALOGING SOURCE
Transcribing agency IT-RoPAU
041 ## - LANGUAGE CODE
Language code of text/sound track or separate title FRANCESE
100 ## - MAIN ENTRY--PERSONAL NAME
Personal name Marc Edmond
100 ## - MAIN ENTRY--PERSONAL NAME
Miscellaneous information Codice Aut. SPICS: 21544
245 ## - TITLE STATEMENT
Title Relations et communications interpersonnelles
245 ## - TITLE STATEMENT
Remainder of title Relations et Communications Interpersonnelles
250 ## - EDITION STATEMENT
Edition statement 1a ed.
260 ## - PUBLICATION, DISTRIBUTION, ETC. (IMPRINT)
Place of publication, distribution, etc. PARIS
260 ## - PUBLICATION, DISTRIBUTION, ETC. (IMPRINT)
Name of publisher, distributor, etc. Dunod
260 ## - PUBLICATION, DISTRIBUTION, ETC. (IMPRINT)
Date of publication, distribution, etc. 2000 [1° Ed.:2000 - Ed.Ling.Originale:2000]
300 ## - PHYSICAL DESCRIPTION
Extent "128 p. (prefazione: no ; testo: 128 [pagine: 0-0])"
500 ## - GENERAL NOTE
General note "Relazioni e comunicazioni Interpersonali. Natura e forme della Relazione: Contesto; relazione e Distanza Fisica o Psichica; relazione e Tempo; relazione Duale e Plurale. Struttura del Rapporto Interpersonale: Rapporto di Posti; Rapporti Simmetrici e Asimmetrici; complementari e Gerarchici; Equilibrio nelle Relazioni; Analisi Transazionale; Analisi Strutturale della Personalita'; Interazione Sociale. legame Affettivo: Fondamenti: Amore e Amiciazia; Intersoggettività. Analisi delle comunicazioni Interpersonali: Modelli della Comunicazione; forme e livelli di Significazione; forme di Espressione: Comunicazione Verbale e Non Verbale, Differenti livelli di Comunicazione; Approccio Interattivo e Sistemistico della Comunicazione. comprendere la Dinamica Psicologica Relazionale: Conflittualità nell'Espressione di Se'; Meccanismi Intersoggettivi; Emozione e Comunicazione: Dimensione Energeticae Dinamica, Difese Emozionali. Dinamica della Comunicazione: Fattori e Strategie: Fattori Identitari e Territoriali; strategie Identitarie e Relazionali. Problemi di Comunicazione: Fonti di Difficolta': Competenze Sociali, Confusione dei livelli di Comunicazione, Effetti di Feed Back, Identità e Rapporti di Posti, Meccanismi di Difesa. Comunicazione Paradossale. Conflitto. Bibliografia."
650 ## - SUBJECT ADDED ENTRY--TOPICAL TERM
Topical term or geographic name as entry element PEDAGOGIA DELLA COMUNICAZIONE SOCIALE
650 ## - SUBJECT ADDED ENTRY--TOPICAL TERM
Relator term Codice materia Spics: 3804
700 ## - ADDED ENTRY--PERSONAL NAME
Personal name Picard Dominique
700 ## - ADDED ENTRY--PERSONAL NAME
Miscellaneous information Codice Aut. SPICS: 21545
942 ## - ADDED ENTRY ELEMENTS (KOHA)
Koha item type LIBRO
957 ## -
-- 1
999 ## - SYSTEM CONTROL NUMBERS (KOHA)
-- 1
Dati di copia
Withdrawn status Lost status Damaged status Not for loan Home library Current library Date acquired Total Checkouts Full call number Date last seen Price effective from Koha item type Public note
    Buone Condizioni Not For Loan SPICS-MEDIATECA SPICS-MEDIATECA 08/03/2013   G9472 08/03/2013 08/03/2013 LIBRO Progressivo inserimento: 13259 / N. Volumi: 1 Copie: 1 / data import: 1 marzo 2013 - By Epidotti, Trombetti, Vaglietti.
CREDITS: SOCIETA' SAN PAOLO Via A.Severo, 58 - ROMA (RM) & PERIODICI SAN PAOLO SRL Via Giotto, 36 MILANO & CISF Via Giotto, 36 MILANO & EDIZIONI SAN PAOLO SRL,  Piazza Soncino, 5 CINISELLO BALSAMO (MI) -- ITALY